[Event "Ruhrgebiet Verbandsliga Gruppe 1 1819"]
[Site "Nordrheinwestfalen"]
[Date "2019.02.03"]
[Round "6.2"]
[White "Koellner, Aaron Noah"]
[Black "Kordonowski, Frank"]
[Result "1-0"]
[WhiteElo "2073"]
[BlackElo "2002"]
[PlyCount "107"]
[EventDate "2018.09.23"]
[EventType "team-tourn"]
[EventRounds "9"]
[EventCountry "GER"]
[SourceTitle "EXT 2022"]
[Source "ChessBase"]
[SourceDate "2021.10.06"]
[SourceVersion "1"]
[SourceVersionDate "2021.10.06"]
[SourceQuality "1"]
[WhiteTeam "Bochum SG III"]
[BlackTeam "Altenessen"]
[WhiteTeamCountry "GER"]
[BlackTeamCountry "GER"]

1. d4 Nf6 2. Bg5 Ne4 3. Bf4 c5 4. f3 Nf6 5. d5 d6 6. e4 g6 7. c3 Bg7 8. Nd2 0-0 9. a4 Na6 10. Nc4 Nc7 11. h4 Nh5 12. Bh2 f5 13. Ne2 fxe4 14. fxe4 Nf6 15. Qd3 b6 16. Nf4 Ng4 17. Bg3 Ba6 18. Qd1 Nf6 19. Qc2 Bh6 20. Nh3 Qd7 21. Nf2 Ng4 22. Be2 Nxf2 23. Bxf2 Bxc4 24. Bxc4 Qg4 25. 0-0 Rf4 26. Be2 Qd7 27. Bg3 Rxf1+ 28. Rxf1 Rf8 29. Rxf8+ Kxf8 30. Qd1 Be3+ 31. Kh2 h5 32. Bxh5 gxh5 33. Qf3+ Ke8 34. Qxe3 Qxa4 35. Qf3 Kd7 36. e5 Qc4 37. Qf5+ Kd8 38. exd6 Nxd5 39. dxe7+ Nxe7 40. Qxh5 Qe4 41. Qe5 Qxe5 42. Bxe5 Kd7 43. Kh3 Ke6 44. Bb8 a5 45. h5 a4 46. c4 Nc6 47. Bc7 Na5 48. Bxb6 Nxc4 49. Bxc5 Nxb2 50. g4 Nd3 51. Ba3 Ke5 52. Kh4 Ne1 53. Bb2+ Ke6 54. h6 1-0

[Event "Ruhrgebiet Verbandsliga Gruppe 1 1819"]
[Site "Nordrheinwestfalen"]
[Date "2019.01.20"]
[Round "5.2"]
[White "Kordonowski, Frank"]
[Black "Boehm, Joachim"]
[Result "0-1"]
[WhiteElo "2002"]
[BlackElo "2172"]
[PlyCount "30"]
[EventDate "2018.09.23"]
[EventType "team-tourn"]
[EventRounds "9"]
[EventCountry "GER"]
[SourceTitle "EXT 2022"]
[Source "ChessBase"]
[SourceDate "2021.10.06"]
[SourceVersion "1"]
[SourceVersionDate "2021.10.06"]
[SourceQuality "1"]
[WhiteTeam "Altenessen"]
[BlackTeam "Bottrop SV"]
[WhiteTeamCountry "GER"]
[BlackTeamCountry "GER"]

1. d4 d5 2. Nf3 Nf6 3. e3 c5 4. b3 cxd4 5. Qxd4 Nc6 6. Qa4 Bd7 7. Bb2 e6 8. Bd3 Nb4 9. Bb5 Nxc2+ 10. Ke2 a6 11. Bxd7+ Qxd7 12. Nc3 Nxa1 13. Bxa1 Qxa4 14. bxa4 Rc8 15. Rb1 Rc7 0-1

[Event "Ruhrgebiet Verbandsliga Gruppe 2 1718"]
[Site "Germany"]
[Date "2018.02.04"]
[Round "6.2"]
[White "Kordonowski, Frank"]
[Black "Ozerov, Ilja"]
[Result "1/2-1/2"]
[WhiteElo "2000"]
[BlackElo "2181"]
[PlyCount "121"]
[EventDate "2017.09.17"]
[EventType "team-tourn"]
[EventRounds "9"]
[EventCountry "GER"]
[SourceTitle "EXT 2022"]
[Source "ChessBase"]
[SourceDate "2021.10.06"]
[SourceVersion "1"]
[SourceVersionDate "2021.10.06"]
[SourceQuality "1"]
[WhiteTeam "Altenessen"]
[BlackTeam "Muelheim Nord III"]
[WhiteTeamCountry "GER"]
[BlackTeamCountry "GER"]

1. Nf3 f5 2. b3 d6 3. d4 Nf6 4. Bb2 g6 5. g3 Bg7 6. Bg2 0-0 7. 0-0 e5 8. dxe5 Nfd7 9. Nbd2 Nxe5 10. Nxe5 dxe5 11. Nc4 e4 12. Bxg7 Kxg7 13. f3 exf3 14. Bxf3 Qf6 15. Qc1 Nc6 16. Bxc6 Qxc6 17. Qb2+ Kg8 18. Rad1 Be6 19. Ne5 Qb6+ 20. Qd4 Rad8 21. Qxb6 axb6 22. Nd3 Rd6 23. Kf2 Rfd8 24. Ke3 b5 25. Nb2 Bd5 26. Rf4 Be4 27. Rxd6 Rxd6 28. c4 Ra6 29. a4 bxa4 30. Nxa4 Bc2 31. Rd4 Bxb3 32. Nc5 Ra3 33. Rd8+ Kg7 34. Kd4 b6 35. Rd7+ Kf6 36. Nxb3 Rxb3 37. Rxc7 b5 38. c5 Ke6 39. Rxh7 Rb4+ 40. Kd3 Kd5 41. Rg7 Rg4 42. Rc7 b4 43. c6 Kd6 44. Rc8 b3 45. Rb8 Kxc6 46. Rxb3 Kd5 47. Ke3 Ke5 48. Rb6 g5 49. Kf3 Ra4 50. Rb5+ Kf6 51. h3 g4+ 52. hxg4 Rxg4 53. e3 Ra4 54. Rb6+ Kg5 55. Re6 Rb4 56. Re8 Ra4 57. Rg8+ Kf6 58. g4 fxg4+ 59. Rxg4 Rxg4 60. Kxg4 Ke5 61. Kf3 1/2-1/2

[Event "Ruhrgebiet Verbandsliga Gruppe 2 1718"]
[Site "Germany"]
[Date "2017.10.08"]
[Round "2.2"]
[White "Herud, Martin"]
[Black "Kordonowski, Frank"]
[Result "1-0"]
[WhiteElo "1985"]
[BlackElo "2000"]
[PlyCount "79"]
[EventDate "2017.09.17"]
[EventType "team-tourn"]
[EventRounds "9"]
[EventCountry "GER"]
[SourceTitle "EXT 2022"]
[Source "ChessBase"]
[SourceDate "2021.10.06"]
[SourceVersion "1"]
[SourceVersionDate "2021.10.06"]
[SourceQuality "1"]
[WhiteTeam "Recklinghausen Sued"]
[BlackTeam "Altenessen"]
[WhiteTeamCountry "GER"]
[BlackTeamCountry "GER"]

1. e4 e5 2. f4 d5 3. Nf3 exf4 4. exd5 Bg4 5. Bc4 Qe7+ 6. Qe2 Bxf3 7. gxf3 Nd7 8. d4 g5 9. Qxe7+ Nxe7 10. h4 Nf5 11. hxg5 Nxd4 12. Kd1 0-0-0 13. Bxf4 Nxf3 14. Nd2 Nxd2 15. Bxd2 Bg7 16. Bd3 Nc5 17. Bf5+ Kb8 18. c4 b5 19. Bc3 Bxc3 20. bxc3 c6 21. Rb1 Kc7 22. Kc2 bxc4 23. dxc6 Kxc6 24. Rb4 Rhe8 25. Bg4 Re3 26. Rxc4 a5 27. Rxh7 Kb5 28. Rf4 Ne4 29. Rh2 Rxc3+ 30. Kb2 Re3 31. Rxf7 Rg3 32. Rf4 Nc5 33. Be2+ Kc6 34. Rg4 Rd2+ 35. Kc1 Rxe2 36. Rh6+ Kd5 37. Rxg3 Ne4 38. Ra3 Re1+ 39. Kc2 Kc4 40. Rh4 1-0

[Event "Ruhrgebiet Verbandsliga Gruppe 2 1415"]
[Site "Germany"]
[Date "2015.04.26"]
[Round "9.2"]
[White "Kordonowski, Frank"]
[Black "Sicars, Thorsten"]
[Result "1-0"]
[WhiteElo "1917"]
[BlackElo "1956"]
[PlyCount "141"]
[EventDate "2014.09.21"]
[EventType "team-tourn"]
[EventRounds "9"]
[EventCountry "GER"]
[SourceTitle "EXT 2022"]
[Source "ChessBase"]
[SourceDate "2021.10.06"]
[SourceVersion "1"]
[SourceVersionDate "2021.10.06"]
[SourceQuality "1"]
[WhiteTeam "Altenessen"]
[BlackTeam "Wattenscheid SV III"]
[WhiteTeamCountry "GER"]
[BlackTeamCountry "GER"]

1. d4 c6 2. Nf3 d5 3. e3 Bg4 4. Bd3 Nd7 5. Nbd2 e5 6. dxe5 Nxe5 7. Be2 Nxf3+ 8. Nxf3 Nf6 9. 0-0 Bd6 10. b3 0-0 11. Bb2 Qe7 12. a4 Rad8 13. a5 a6 14. Ra4 Ne4 15. h3 Bh5 16. Nd4 Bxe2 17. Qxe2 Qg5 18. Qg4 Rfe8 19. Qxg5 Nxg5 20. h4 Ne4 21. Nf3 Rd7 22. g3 Nc5 23. Raa1 Bc7 24. Kg2 Ne4 25. Rfd1 f6 26. h5 Kf7 27. c4 Red8 28. Rh1 Nc5 29. Nd4 Be5 30. Rab1 Bc7 31. b4 Nd3 32. c5 Be5 33. Bc3 Bc7 34. f4 Re8 35. Kf3 Bxa5 36. bxa5 Nxc5 37. Nb3 Ne4 38. Bb4 Rc7 39. Nc5 f5 40. Rh2 Nf6 41. Bd2 Ree7 42. Bc1 Ne4 43. Ba3 Nc3 44. Rb3 Nb5 45. Bb2 Rc8 46. Be5 Rd8 47. Rd2 Rg8 48. g4 fxg4+ 49. Kxg4 g5 50. hxg6+ Rxg6+ 51. Kf3 Rg1 52. Rh2 Ke8 53. Rh6 Rc1 54. Nd3 Rc4 55. Rb4 Rc2 56. Bf6 Rc7 57. f5 Rc4 58. Rb1 Kf8 59. Nf4 Rf7 60. Rg1 Rxf4+ 61. Kxf4 Nd6 62. Bg7+ Ke7 63. Re6+ Kd7 64. Rxd6+ Kxd6 65. Be5+ Kc5 66. Rg7 Rf8 67. Rxb7 h5 68. f6 h4 69. f7 h3 70. Kf5 Kc4 71. Ke6 1-0

[Event "Ruhrgebiet Verbandsliga Gruppe 2 1415"]
[Site "Germany"]
[Date "2015.03.01"]
[Round "7.2"]
[White "Kordonowski, Frank"]
[Black "Boehm, Joachim"]
[Result "1-0"]
[WhiteElo "1917"]
[BlackElo "2189"]
[PlyCount "123"]
[EventDate "2014.09.21"]
[EventType "team-tourn"]
[EventRounds "9"]
[EventCountry "GER"]
[SourceTitle "EXT 2022"]
[Source "ChessBase"]
[SourceDate "2021.10.06"]
[SourceVersion "1"]
[SourceVersionDate "2021.10.06"]
[SourceQuality "1"]
[WhiteTeam "Altenessen"]
[BlackTeam "Bottrop SV"]
[WhiteTeamCountry "GER"]
[BlackTeamCountry "GER"]

1. e4 g6 2. d4 Bg7 3. Nc3 d6 4. g3 Nc6 5. d5 Ne5 6. h3 Nf6 7. Be3 0-0 8. f4 Ned7 9. Bg2 e6 10. dxe6 fxe6 11. Nge2 e5 12. Qd3 Nb6 13. a4 Be6 14. b3 exf4 15. gxf4 Nh5 16. 0-0 Qd7 17. a5 Nc8 18. Rf3 Ne7 19. Rd1 a6 20. Nd4 Bf7 21. Rdf1 d5 22. b4 Rad8 23. e5 c6 24. Nce2 g5 25. f5 Bxe5 26. Bxg5 Kh8 27. Ne6 Qd6 28. Nxd8 Rxd8 29. c3 Rg8 30. Be3 Nf6 31. Bd4 Nc8 32. Bxe5 Qxe5 33. Re3 Ne4 34. Qd4 Qxd4 35. Nxd4 Ncd6 36. Kh2 Re8 37. Bxe4 dxe4 38. Rf4 Bd5 39. f6 Re5 40. Kg3 Kg8 41. Kf2 Nc4 42. Rg3+ Kf8 43. Rg7 e3+ 44. Ke2 Nb2 45. Nf5 Nd3 46. Kxd3 e2 47. Rg1 e1Q 48. Rxe1 Rxe1 49. Kd4 Be6 50. c4 c5+ 51. bxc5 Bxf5 52. Rxf5 Rd1+ 53. Kc3 Rc1+ 54. Kb3 Rb1+ 55. Kc2 Re1 56. Rh5 Re6 57. Rxh7 Rc6 58. Kc3 Rxf6 59. Rxb7 Rf3+ 60. Kb4 Rxh3 61. c6 Ke8 62. Rd7 1-0

[Event "Ruhrgebiet Verbandsliga Gruppe 2 1415"]
[Site "Germany"]
[Date "2014.12.14"]
[Round "4.2"]
[White "Wortmann, Dirk"]
[Black "Kordonowski, Frank"]
[Result "1/2-1/2"]
[WhiteElo "1965"]
[BlackElo "1924"]
[PlyCount "134"]
[EventDate "2014.09.21"]
[EventType "team-tourn"]
[EventRounds "9"]
[EventCountry "GER"]
[SourceTitle "EXT 2022"]
[Source "ChessBase"]
[SourceDate "2021.10.06"]
[SourceVersion "1"]
[SourceVersionDate "2021.10.06"]
[SourceQuality "1"]
[WhiteTeam "Oberhausen SV II"]
[BlackTeam "Altenessen"]
[WhiteTeamCountry "GER"]
[BlackTeamCountry "GER"]

1. d4 d5 2. Nf3 e6 3. c4 Nf6 4. Nc3 Be7 5. Qc2 0-0 6. e3 Nbd7 7. Bd3 c6 8. b3 Bd6 9. 0-0 Re8 10. Bb2 Nf8 11. e4 dxe4 12. Nxe4 Be7 13. Ne5 Nxe4 14. Bxe4 f6 15. Nd3 Qc7 16. Rac1 Rd8 17. Qe2 a5 18. Rfe1 a4 19. b4 a3 20. Ba1 Bd6 21. g3 Qf7 22. f4 Be7 23. Bg2 Re8 24. Qd1 Bd7 25. Qb3 Kh8 26. Re2 Qh5 27. Rce1 b5 28. Nc5 Bxc5 29. dxc5 bxc4 30. Qxc4 Reb8 31. Rd2 Qe8 32. Qd4 Ra7 33. Bc3 Qf7 34. Qd6 Rc8 35. Qd3 Be8 36. Qe3 Rd7 37. Red1 Rcd8 38. Rxd7 Rxd7 39. Rxd7 Qxd7 40. Qd2 Qc8 41. Qd6 Kg8 42. Bf1 Bg6 43. Bg2 Be8 44. g4 Qa6 45. Bf1 Qa4 46. Bc4 Bf7 47. Qd2 Qa8 48. g5 e5 49. Bxf7+ Kxf7 50. fxe5 fxe5 51. Bxe5 Qc8 52. Qf4+ Kg6 53. Qe4+ Kxg5 54. Bxg7 Ng6 55. Qe3+ Kh5 56. Qf3+ Qg4+ 57. Kf2 Nf4 58. Qxg4+ Kxg4 59. Ke3 Nd5+ 60. Kd3 Nxb4+ 61. Kc3 Nxa2+ 62. Kb3 Nc1+ 63. Kxa3 Nd3 64. Bf8 Kh3 65. Bd6 h5 66. Ka4 h4 67. Ka5 Nxc5 1/2-1/2

[Event "Ruhrgebiet VK1 1213"]
[Site "Nordrheinwestfalen"]
[Date "2012.12.02"]
[Round "4.1"]
[White "Gohla, Ulf"]
[Black "Kordonowski, Frank"]
[Result "1/2-1/2"]
[WhiteElo "2123"]
[BlackElo "2017"]
[PlyCount "65"]
[EventDate "2012.09.02"]
[EventType "team-tourn"]
[EventRounds "9"]
[EventCountry "GER"]
[SourceTitle "EXT 2020"]
[Source "ChessBase"]
[SourceDate "2019.10.17"]
[SourceVersion "1"]
[SourceVersionDate "2019.10.17"]
[SourceQuality "1"]
[WhiteTeam "Wattenscheid SV IV"]
[BlackTeam "Altenessen"]
[WhiteTeamCountry "GER"]
[BlackTeamCountry "GER"]

1. d4 Nf6 2. c4 g6 3. Nc3 Bg7 4. e4 d6 5. Be2 0-0 6. Bg5 h6 7. Be3 Nbd7 8. Qd2 c5 9. d5 Kh7 10. h3 b5 11. cxb5 a6 12. bxa6 Qa5 13. Nf3 Bxa6 14. Bxa6 Qxa6 15. Qe2 Rfb8 16. Qxa6 Rxa6 17. Rb1 Nb6 18. Nd2 Na4 19. Nd1 Nd7 20. b3 Nc3 21. Nxc3 Bxc3 22. 0-0 Bxd2 23. Bxd2 Rxa2 24. Rfd1 Ra3 25. b4 cxb4 26. Rxb4 Rxb4 27. Bxb4 Rb3 28. Ba5 Kg7 29. Rc1 Rb7 30. f3 Nc5 31. Bc3+ f6 32. Bd4 Nd3 33. Rd1 1/2-1/2

[Event "Ruhrgebiet VK2 1112"]
[Site "Nordrheinwestfalen"]
[Date "2012.01.08"]
[Round "5.1"]
[White "Nattermueller, Irina"]
[Black "Kordonowski, Frank"]
[Result "0-1"]
[WhiteElo "2051"]
[BlackElo "2002"]
[PlyCount "110"]
[EventDate "2012.09.18"]
[EventType "team-tourn"]
[EventRounds "9"]
[EventCountry "GER"]
[SourceTitle "EXT 2020"]
[Source "ChessBase"]
[SourceDate "2019.10.17"]
[SourceVersion "1"]
[SourceVersionDate "2019.10.17"]
[SourceQuality "1"]
[WhiteTeam "Ahlen SV II"]
[BlackTeam "Altenessen"]
[WhiteTeamCountry "GER"]
[BlackTeamCountry "GER"]

1. e4 c5 2. Nf3 Nc6 3. d4 cxd4 4. Nxd4 Nf6 5. Nc3 d6 6. Bc4 Qb6 7. Nb3 e6 8. 0-0 a6 9. Be3 Qc7 10. f4 b5 11. Bd3 b4 12. Na4 Be7 13. Nb6 Rb8 14. Nxc8 Qxc8 15. Qf3 h5 16. h3 h4 17. Rac1 a5 18. c3 Qd7 19. cxb4 Nxb4 20. Bb1 Qa4 21. Nd4 Qd7 22. a3 Na6 23. Nc6 Rxb2 24. Bd4 Rxb1 25. Rxb1 Qxc6 26. Rb6 Qc4 27. Be3 Nc5 28. e5 Nd5 29. Rb8+ Bd8 30. exd6 Nd7 31. Rbb1 Qd3 32. Ba7 Qxf3 33. Rxf3 0-0 34. Rb5 Kh7 35. a4 g6 36. Bd4 Kg8 37. Kf1 Bb6 38. Bxb6 N7xb6 39. Kf2 Rd8 40. Rxa5 Rxd6 41. g3 hxg3+ 42. Kxg3 Rc6 43. Ra7 Nc4 44. Rd3 Rc5 45. h4 Kg7 46. Kg4 Kf6 47. Rb3 Nce3+ 48. Kf3 Nf5 49. Rbb7 Rc3+ 50. Kf2 Nxf4 51. Rxf7+ Ke5 52. Rfc7 Ra3 53. Rc4 Ra2+ 54. Kf3 Nxh4+ 55. Kg3 Rg2+ 0-1

[Event "Ruhrgebiet VK2 1112"]
[Site "Nordrheinwestfalen"]
[Date "2011.12.11"]
[Round "4.1"]
[White "Kordonowski, Frank"]
[Black "Labuda, Markus"]
[Result "0-1"]
[WhiteElo "2002"]
[BlackElo "1940"]
[PlyCount "110"]
[EventDate "2012.09.18"]
[EventType "team-tourn"]
[EventRounds "9"]
[EventCountry "GER"]
[SourceTitle "EXT 2020"]
[Source "ChessBase"]
[SourceDate "2019.10.17"]
[SourceVersion "1"]
[SourceVersionDate "2019.10.17"]
[SourceQuality "1"]
[WhiteTeam "Altenessen"]
[BlackTeam "Oberhausen SV III"]
[WhiteTeamCountry "GER"]
[BlackTeamCountry "GER"]

1. c4 c6 2. Nf3 d5 3. e3 Nf6 4. Nc3 e6 5. b3 Nbd7 6. Be2 Bd6 7. 0-0 0-0 8. Bb2 Qe7 9. cxd5 exd5 10. Nd4 Nc5 11. f4 Nce4 12. Nxe4 dxe4 13. a3 a6 14. g4 g6 15. g5 Ne8 16. Bg4 c5 17. Nc2 Be6 18. Ne1 f5 19. gxf6 Nxf6 20. Bxe6+ Qxe6 21. Rf2 Rad8 22. Qc2 Nd5 23. Ng2 Rf5 24. Re1 Rh5 25. d3 exd3 26. Qxd3 Qh3 27. Qe4 Qxh2+ 28. Kf1 Qh3 29. Rd1 Bxf4 30. Rxf4 Nxe3+ 31. Qxe3 Rxd1+ 32. Kf2 Qxe3+ 33. Kxe3 Rh3+ 34. Ke2 Rg1 35. Kf2 Rb1 36. Be5 Rbxb3 37. a4 Ra3 38. Bd6 Ra2+ 39. Kg1 Rg3 40. Rf2 Rxf2 41. Kxf2 Ra3 42. Bxc5 Rxa4 43. Ke3 b5 44. Nf4 a5 45. Nd3 h5 46. Nf2 Kf7 47. Ne4 b4 48. Kd3 h4 49. Bd4 Ra3+ 50. Kc4 Ke6 51. Bb2 h3 52. Bxa3 h2 53. Nf2 bxa3 54. Kb3 Kf5 55. Kxa3 Kf4 0-1

[Event "Ruhrgebiet VK2 1112"]
[Site "Nordrheinwestfalen"]
[Date "2011.09.18"]
[Round "1"]
[White "Kordonowski, Frank"]
[Black "Korber, Markus"]
[Result "0-1"]
[WhiteElo "2002"]
[BlackElo "1899"]
[PlyCount "96"]
[EventDate "2012.09.18"]
[EventType "team-tourn"]
[EventRounds "9"]
[EventCountry "GER"]
[SourceTitle "EXT 2020"]
[Source "ChessBase"]
[SourceDate "2019.10.17"]
[SourceVersion "1"]
[SourceVersionDate "2019.10.17"]
[SourceQuality "1"]
[WhiteTeam "Altenessen"]
[BlackTeam "Rochade Steele/Kray"]
[WhiteTeamCountry "GER"]
[BlackTeamCountry "GER"]

1. e4 c5 2. Nf3 e6 3. d4 cxd4 4. Nxd4 a6 5. Bd3 Bc5 6. Nf3 Nc6 7. 0-0 Nge7 8. Qe2 0-0 9. Be3 Qb6 10. Bxc5 Qxc5 11. Nc3 d5 12. a3 b5 13. Rad1 d4 14. Nb1 e5 15. c3 Rd8 16. cxd4 Nxd4 17. Nxd4 Rxd4 18. Nd2 Be6 19. Nf3 Bg4 20. h3 Bxf3 21. Qxf3 Rad8 22. Bb1 Ng6 23. g3 Nf8 24. Ba2 Qe7 25. Bd5 Ne6 26. h4 Rxd1 27. Rxd1 Nd4 28. Qd3 Kf8 29. Kg2 Rc8 30. Rd2 Ne6 31. Qe3 Qc5 32. Qf3 Qe7 33. Qh5 Qf6 34. Qxh7 g6 35. Qh6+ Ke7 36. Qe3 Nd4 37. Qd3 g5 38. hxg5 Qxg5 39. a4 Rh8 40. Qc3 Qh5 41. Qc7+ Kf6 42. Qxf7+ Qxf7 43. Bxf7 Kxf7 44. axb5 axb5 45. f4 Rh2+ 46. Kxh2 Nf3+ 47. Kg2 Nxd2 48. fxe5 Ke6 0-1

[Event "Ruhrgebiet VK2 0910"]
[Site "Ruhrgebiet"]
[Date "2010.04.18"]
[Round "9.1"]
[White "Wilbert, Siegfried"]
[Black "Kordonowski, Frank"]
[Result "0-1"]
[WhiteElo "2127"]
[BlackElo "1958"]
[PlyCount "118"]
[EventDate "2009.09.06"]
[EventType "team"]
[EventRounds "9"]
[EventCountry "GER"]
[SourceTitle "EXT 2011"]
[Source "ChessBase"]
[SourceDate "2010.11.26"]
[SourceVersion "1"]
[SourceVersionDate "2010.11.26"]
[SourceQuality "1"]
[WhiteTeam "Buer"]
[BlackTeam "Altenessen"]
[WhiteTeamCountry "GER"]
[BlackTeamCountry "GER"]

1. c4 Nf6 2. Nc3 g6 3. d4 Bg7 4. e4 d6 5. f3 Nc6 6. Be3 a6 7. Qd2 Rb8 8. d5 Ne5 9. c5 0-0 10. cxd6 exd6 11. Ba7 Ra8 12. Bd4 c5 13. dxc6 Nxc6 14. Be3 d5 15. exd5 Ne7 16. 0-0-0 Nf5 17. Bc5 Bh6 18. f4 Qc7 19. Bxf8 Bxf4 20. d6 Bxd2+ 21. Rxd2 Qd8 22. Be7 Nxe7 23. dxe7 Qxe7 24. Nf3 Be6 25. Bd3 b5 26. Kb1 Rd8 27. Rhd1 Rxd3 28. Rxd3 Bf5 29. Kc1 Bxd3 30. Rxd3 b4 31. Nd1 a5 32. Ne3 Qe4 33. Kd2 Qc6 34. Ke2 Ne4 35. Nd2 Nc5 36. Rd5 Qa6+ 37. Ndc4 Ne6 38. Rxa5 Qc6 39. b3 Nf4+ 40. Kf2 Qf6 41. Kf3 h5 42. Ke4 Ne6 43. Kd5 Qf4 44. h3 Qf2 45. Kd6 Kg7 46. g4 h4 47. Nd5 Qh2+ 48. Ne5 Ng5 49. Nc7 Nf3 50. g5 Nxg5 51. Ke7 Qxh3 52. Nxf7 Nxf7 53. Ne8+ Kh6 54. Kxf7 Qd7+ 55. Kf8 h3 56. Re5 h2 57. Re1 Qf5+ 58. Kg8 Qd5+ 59. Kf8 h1Q 0-1

[Event "Ruhrgebiet VL2 0708"]
[Site "Germany"]
[Date "2008.04.06"]
[Round "8.2"]
[White "Grosse Frintrop, Gerd"]
[Black "Kordonowski, Frank"]
[Result "0-1"]
[WhiteElo "2045"]
[BlackElo "2089"]
[PlyCount "136"]
[EventDate "2007.09.02"]
[EventType "team"]
[EventRounds "9"]
[EventCountry "GER"]
[SourceTitle "EXT 2009"]
[Source "ChessBase"]
[SourceDate "2008.11.26"]
[SourceVersion "1"]
[SourceVersionDate "2008.11.26"]
[SourceQuality "1"]
[WhiteTeam "Buer"]
[BlackTeam "Altenessen "]
[WhiteTeamCountry "GER"]
[BlackTeamCountry "GER"]

1. d4 Nf6 2. c4 d6 3. Nc3 c6 4. e4 Nbd7 5. f3 e5 6. Nge2 Be7 7. Be3 0-0 8. g4 Qc7 9. Ng3 Re8 10. g5 exd4 11. gxf6 dxc3 12. fxe7 cxb2 13. Rb1 Qa5+ 14. Qd2 Qxa2 15. Rxb2 Qa1+ 16. Kf2 Ne5 17. Be2 Qa3 18. Rhb1 d5 19. c5 dxe4 20. Ra2 Qxa2 21. Qxa2 exf3 22. Bxf3 Rxe7 23. Qd2 Bg4 24. Be4 f5 25. Bc2 Rd7 26. Qxd7 Nxd7 27. Rxb7 f4 28. Bxf4 Nxc5 29. Rc7 Ne6 30. Bb3 Rf8 31. Ke3 g5 32. Be5 Rf3+ 33. Kd2 Rxb3 34. Rxa7 Rb5 35. Bc3 Rd5+ 36. Ke3 Nc5 37. Bb4 Rd3+ 38. Kf2 Nd7 39. Be7 h6 40. Bd8 Rd2+ 41. Ke3 Rxh2 42. Ne4 Rh3+ 43. Kd4 c5+ 44. Nxc5 Nxc5 45. Kxc5 Rd3 46. Bf6 Bd7 47. Bd4 Bf5 48. Kd5 Rf3 49. Ke5 Bd3 50. Ke6 Bc4+ 51. Ke5 Bf7 52. Ke4 Rf1 53. Rc7 Kh7 54. Ke3 h5 55. Ke2 Rf5 56. Ke3 h4 57. Ke4 Rf1 58. Be5 Kg6 59. Rc6+ Kh5 60. Rc8 Bg6+ 61. Ke3 Re1+ 62. Kd4 h3 63. Bf6 Bf5 64. Rg8 Bg6 65. Rh8+ Kg4 66. Bxg5 Re4+ 67. Kd5 Re8 68. Rxe8 Bxe8 0-1

[Event "Ruhrgebiet VL2 0708"]
[Site "Germany"]
[Date "2008.01.20"]
[Round "5.4"]
[White "Kordonowski, Frank"]
[Black "Gierse, Heinz Dieter"]
[Result "0-1"]
[WhiteElo "2089"]
[BlackElo "2099"]
[PlyCount "70"]
[EventDate "2007.09.02"]
[EventType "team"]
[EventRounds "9"]
[EventCountry "GER"]
[SourceTitle "EXT 2009"]
[Source "ChessBase"]
[SourceDate "2008.11.26"]
[SourceVersion "1"]
[SourceVersionDate "2008.11.26"]
[SourceQuality "1"]
[WhiteTeam "Altenessen "]
[BlackTeam "Bottrop"]
[WhiteTeamCountry "GER"]
[BlackTeamCountry "GER"]

1. e4 e6 2. d3 d5 3. Nd2 Nf6 4. g3 Be7 5. Bg2 c5 6. Ngf3 0-0 7. 0-0 Nc6 8. Re1 b5 9. e5 Nd7 10. Nf1 a5 11. h4 b4 12. N1h2 a4 13. Bf4 Ba6 14. Ng5 Nd4 15. c3 bxc3 16. bxc3 Nf5 17. c4 Nb6 18. Rb1 Ra7 19. Rxb6 Qxb6 20. cxd5 Bxg5 21. Bxg5 exd5 22. Bxd5 Bb7 23. Bc4 Qc6 24. Re4 Nd4 25. Ng4 Qg6 26. Rf4 Ne6 27. Nf6+ Kh8 28. Rg4 h5 29. Nxh5 Qxh5 30. Bf6 Rg8 31. Kh2 Nd4 32. e6 Nf3+ 33. Qxf3 Bxf3 34. exf7 Rxf7 35. Rg5 Rxf6 0-1

[Event "Ruhrgebiet VL2 0708"]
[Site "Germany"]
[Date "2007.12.09"]
[Round "4.4"]
[White "Sohlmann, Jan Henning"]
[Black "Kordonowski, Frank"]
[Result "1-0"]
[WhiteElo "2004"]
[BlackElo "2089"]
[PlyCount "143"]
[EventDate "2007.09.02"]
[EventType "team"]
[EventRounds "9"]
[EventCountry "GER"]
[SourceTitle "EXT 2009"]
[Source "ChessBase"]
[SourceDate "2008.11.26"]
[SourceVersion "1"]
[SourceVersionDate "2008.11.26"]
[SourceQuality "1"]
[WhiteTeam "Welper SV"]
[BlackTeam "Altenessen "]
[WhiteTeamCountry "GER"]
[BlackTeamCountry "GER"]

1. e4 c5 2. Nf3 d6 3. Bb5+ Nd7 4. 0-0 a6 5. Be2 Ngf6 6. Nc3 b5 7. d3 e6 8. a4 b4 9. Nb1 Be7 10. a5 0-0 11. Re1 Rb8 12. c4 bxc3 13. bxc3 c4 14. Be3 Qc7 15. Ra4 cxd3 16. Bxd3 Nc5 17. Bxc5 Qxc5 18. e5 dxe5 19. Nxe5 Bb7 20. Qe2 Qd5 21. f4 Rfd8 22. Kh1 h5 23. Nd2 Ng4 24. Rd4 Qxa5 25. Nxf7 Rxd4 26. cxd4 Qd5 27. Nf3 Rc8 28. h3 Kxf7 29. hxg4 hxg4 30. Ne5+ Ke8 31. Be4 Qxd4 32. Bxb7 Qxf4 33. Qxg4 Qh6+ 34. Qh3 Rc1 35. Bc6+ Kf8 36. Rxc1 Qxc1+ 37. Kh2 Qf4+ 38. Qg3 Qxg3+ 39. Kxg3 Bd6 40. Kf4 Ke7 41. Ke4 Kf6 42. Nc4 Bc7 43. Kd4 Kf5 44. Kc5 g5 45. Bd7 Kf6 46. Kc6 Bf4 47. g4 Bh2 48. Bc8 a5 49. Kb5 e5 50. Bf5 Bf4 51. Kxa5 Bh2 52. Kb5 Bf4 53. Kc6 Bh2 54. Kd5 Bf4 55. Nb6 Bc1 56. Nd7+ Ke7 57. Nxe5 Kf6 58. Nd3 Bd2 59. Nf2 Bf4 60. Bc2 Bc1 61. Ne4+ Kg6 62. Ke6 Bf4 63. Nc5+ Kg7 64. Kf5 Bc1 65. Ne6+ Kh6 66. Kf6 Bb2+ 67. Kf7 Be5 68. Nd8 Bf6 69. Nc6 Bd8 70. Bb3 Bc7 71. Bc2 Bd8 72. Ne7 1-0

[Event "Ruhrgebiet VL1 0405"]
[Site "Ruhrgebiet"]
[Date "2005.01.30"]
[Round "6.5"]
[White "Kordonowski, Frank"]
[Black "Goralski, Christian"]
[Result "1/2-1/2"]
[WhiteElo "1995"]
[BlackElo "2040"]
[PlyCount "72"]
[EventDate "2004.09.12"]
[EventType "team"]
[EventRounds "9"]
[EventCountry "GER"]
[SourceTitle "EXT 2006"]
[Source "ChessBase"]
[SourceDate "2005.11.24"]
[SourceVersion "1"]
[SourceVersionDate "2005.11.24"]
[SourceQuality "1"]
[WhiteTeam "Altenessen"]
[BlackTeam "Bochum SV 02"]
[WhiteTeamCountry "GER"]
[BlackTeamCountry "GER"]

1. f4 d5 2. Nf3 c5 3. e3 a6 4. b3 Bg4 5. Be2 Nf6 6. 0-0 e6 7. Bb2 Be7 8. Qe1 Nc6 9. Nc3 0-0 10. Qg3 d4 11. Nd1 Bxf3 12. Bxf3 Nb4 13. Bxb7 Ra7 14. Bf3 Nxc2 15. Rc1 Nb4 16. a3 Nd3 17. Rc4 Nxb2 18. Nxb2 dxe3 19. dxe3 Qd2 20. Qf2 Rd8 21. Rd1 Qxf2+ 22. Kxf2 Rad7 23. Rxd7 Rxd7 24. Ke2 Nd5 25. Nd3 Nb6 26. Rc2 Rc7 27. Ne5 Kf8 28. Be4 a5 29. Nc4 Nxc4 30. Rxc4 Rd7 31. h4 h6 32. g4 Bd6 33. g5 hxg5 34. hxg5 Rd8 35. Kf3 Ke7 36. Rc2 Rh8 1/2-1/2